Prechodové kmitanie rotorového systému turbogenerátora uloženého na niekoľkých ložiskách vplyvom náhleho zaťaženia

Bibliographic Details
Main Authors: Šuľženko, Nikolaj Grigorjevič (Author), Biletčenko, Valentin Pavlovič (Author)
Format: Article
Language:Slovak
PhysicalDescription:Grafy 3, res. angl., lit. 5 zázn. v angl., ruš.
ISSN:0039-2472
Subjects:

MARC

LEADER 00000nab a2200000 a 4500
001 vtls000497626
003 SK-MaSNL
005 20260303232732.0
008 230223c1993 xo 0 slo
015 |a SNBRB19rr/mm-uuuuu 
035 |a CL0497764 
035 |a urn:nbn:sk:snk-abbnt6 
035 |a (urnnbn)urn:nbn:sk:snk:ar-a09u16 
035 |a (uuid)3baaced7-67d9-4416-9aea-449f7f296b46 
040 |a SNKBUCL  |b slo  |c SNKBUCL  |e AACR2 
041 0 |a slo 
044 |a xo  |c SK 
080 |a 621.313.322-81-253:534.13  |2 1981 
080 |a 534.13  |2 1981 
100 1 |a Šuľženko, Nikolaj Grigorjevič  |4 aut  |9 1269062 
245 1 0 |a Prechodové kmitanie rotorového systému turbogenerátora uloženého na niekoľkých ložiskách vplyvom náhleho zaťaženia  |c Nikolaj Grigorjevič Šuľženko, Valentin Pavlovič Biletčenko 
300 |b Grafy 3, res. angl., lit. 5 zázn. v angl., ruš. 
650 0 7 |a turbogenerátory  |2 snkbucl  |9 29287 
650 0 7 |a rotory  |2 snkbucl  |9 21223 
650 0 7 |a kmitanie ohybové  |2 snkbucl  |9 901630 
655 7 |a články z novín a časopisov  |2 snkbucl  |9 267496 
700 1 |a Biletčenko, Valentin Pavlovič  |4 aut  |9 1269063 
773 0 |t Strojnícky časopis  |g Roč. 44, č. 1 (1993), s. 45-52  |x 0039-2472 
850 |a Slovenská národná knižnica v Martine  |a MTA001 
852 |a SNK  |b KIS3GCP 
954 |a odborná, vedecká literatúra pôvodná (slovenská)  |2 lita 
958 |a OND 
958 |a RK 
958 |a NB 
958 |a UA 
958 |a EUIPO 
958 |a article15 
992 |a RBX 
999 |c 2273521  |d 2275451